00900nam a2200241 i 4500001001000000003000900010005001700019007000300036008004100039040003000080082001400110100004400124245013300168264005300301300002700354336002700381337003300408338002800441490002200469500005700491500007300548504003700621000025759DO-SdBNP20240925103414.0ta110222s1996 dr 000 0 spa d aDO-SdBNPbspacBNPHUerda 4bC531a2221 aChez Checo, José,d1949-eautor4aut.13aEl año de fundación de la ciudad de Santo Domingo :ben la historiografía contemporánea dominicana /cJosé Chez Checo. 1aSanto Domingo :bEditora Amigo del Hogar,c1996. a59 páginas ;c20 cm. atextobtxt2rdacontent asin mediaciónbn2rdamedia avolumenbnc2rdacarrier1 aHistoria Totalv3 aIncluye datos biográficos del autor en las solapas aIncluye referencias bibliográficas y notas al pie de las páginas aBibliografía : páginas 53-57